| 000 | 00714cam a22002413a 4500 | ||
|---|---|---|---|
| 001 | 8997 | ||
| 003 | PGUSA | ||
| 005 | 20140828083207.0 | ||
| 008 | 050901s2005||||xxu|||||s|||||000 | eng d | ||
| 040 |
_aPGUSA _beng |
||
| 042 | _adc | ||
| 050 | 4 | _aPA | |
| 100 | 1 | _aRitchie, Francis | |
| 245 | 1 | 0 |
_aRitchie's Fabulae Faciles : _bA First Latin Reader _h[electronic resource] / _cFrancis Ritchie |
| 260 |
_bProject Gutenberg, _c2005 |
||
| 506 | _aPublic domain in the USA. | ||
| 516 | _aElectronic text | ||
| 653 | _aLatin language -- Readers -- Mythology | ||
| 700 | 1 |
_aKirtland, John Copeland, _d1870-1951 |
|
| 830 | 0 |
_aProject Gutenberg _v8997 |
|
| 856 | 4 | 0 | _uhttp://www.gutenberg.org/ebooks/8997 |
| 942 | _cEB | ||
| 999 |
_c238281 _d238281 |
||